All Teams to Ever Play an Handball World Cup - Statistics

General Stats
  • This quiz has been taken 296 times
  • The average score is 41 of 57
Answer Stats
# Top Finish Team % Correct
25 Winner Sweden
97%
25 Winner Germany /West Germany
96%
24 Winner France
95%
22 Winner Russia /Soviet Union
95%
24 Winner Denmark
94%
16 Runner-up Norway
94%
21 Winner Spain
94%
15 9th place Brazil
90%
14 Winner Croatia
88%
15 10th place Japan
88%
6 15th place United States
88%
4 10th place Portugal
86%
13 11th place Argentina
85%
16 4th place Egypt
85%
16 Runner-up Poland
83%
9 3rd place Serbia /Serbia and Montenegro
83%
1 11th place Netherlands
82%
9 3rd place Slovenia
81%
21 Runner-up Hungary
80%
13 8th place Korea /South Korea
80%
14 Winner Romania
79%
3 15th place Canada
78%
2 20th place China
78%
7 Runner-up Austria
77%
18 Winner Czech Republic /Czechoslovakia
77%
21 5th place Iceland
77%
1 18th place Italy
77%
7 21st place Australia
76%
2 10th place Slovakia
75%
1 14th place Finland
74%
11 4th place Switzerland
74%
2 7th place Ukraine
74%
6 16th place Chile
73%
1 6th place Greece
73%
8 Runner-up Qatar
73%
15 13th place Algeria
72%
15 4th place Tunisia
72%
1 22nd place Montenegro
69%
7 9th place North Macedonia
68%
7 17th place Morocco
66%
10 Winner Yugoslavia
65%
1 20th place Bosnia and Herzegovina
64%
2 11th place Bulgaria
64%
9 10th place Saudi Arabia
63%
5 9th place Belarus
62%
1 21st place Iran
60%
1 24th place Uruguay
59%
1 10th place Lithuania
58%
7 8th place Cuba
56%
4 20th place Bahrain
48%
8 Runner-up East Germany
46%
5 20th place Angola
45%
1 28th place DR Congo
44%
1 23rd place Nigeria
44%
8 15th place Kuwait
34%
1 16th place Luxembourg
30%
3 20th place Greenland
22%
No matching quizzes found
Score Distribution
Percent of People with Each Score
Percentile by Number Answered
Your Score History
You have not taken this quiz